MARC details
| 000 -LEADER |
| fixed length control field |
01287nam a22002057a 4500 |
| 003 - CONTROL NUMBER IDENTIFIER |
| control field |
BDDh-ASL |
| 005 - DATE AND TIME OF LATEST TRANSACTION |
| control field |
20231015025738.0 |
| 008 - FIXED-LENGTH DATA ELEMENTS--GENERAL INFORMATION |
| fixed length control field |
201031s2009 b ||||| |||| 00| 0 b d |
| 040 ## - CATALOGING SOURCE |
| Original cataloging agency |
BDDh-ASL |
| Transcribing agency |
BDDh-ASL |
| 041 ## - LANGUAGE CODE |
| Language code of text/sound track or separate title |
ben |
| 082 ## - DEWEY DECIMAL CLASSIFICATION NUMBER |
| Classification number |
297.72 |
| Item number |
ASH |
| 110 1# - MAIN ENTRY--CORPORATE NAME |
| 9 (RLIN) |
1760 |
| Corporate name or jurisdiction name as entry element |
কালচারাল কাউন্সেলরের দফতর, |
| Subordinate unit |
ইসলামী প্রজাতন্ত্র ইরান দূতাবাস, |
| 245 10 - TITLE STATEMENT |
| Title |
আশুরা সংকলন : |
| Remainder of title |
ইমাম হোসাইন (আ.)-এর আন্দোলনের দর্শন ও শিক্ষা / |
| Statement of responsibility, etc. |
কালচারাল কাউন্সেলরের দফতর, ইসলামী প্রজাতন্ত্র ইরান দূতাবাস, ঢাকা। |
| 246 ## - VARYING FORM OF TITLE |
| Title proper/short title |
Ashura Compilation (Philosophy and Lessons of the Movement of Imam Hoasin (A.S.) |
| 260 ## - PUBLICATION, DISTRIBUTION, ETC. |
| Place of publication, distribution, etc. |
ঢাকা : |
| Name of publisher, distributor, etc. |
কালচারাল কাউন্সেলরের দফতর, ইসলামী প্রজাতন্ত্র ইরান দূতাবাস, ঢাকা, |
| Date of publication, distribution, etc. |
2009. |
| 300 ## - PHYSICAL DESCRIPTION |
| Extent |
২৫৬ পৃ. : |
| Dimensions |
২৪ সে. মি. |
| 650 #0 - SUBJECT ADDED ENTRY--TOPICAL TERM |
| 9 (RLIN) |
1758 |
| Topical term or geographic name entry element |
আশুরা |
| General subdivision |
মহররম |
| 650 #0 - SUBJECT ADDED ENTRY--TOPICAL TERM |
| 9 (RLIN) |
1759 |
| Topical term or geographic name entry element |
ইমাম হোসেইন (আ.) |
| 942 ## - ADDED ENTRY ELEMENTS (KOHA) |
| Source of classification or shelving scheme |
Dewey Decimal Classification |
| Koha item type |
Books |